000
00316nam a22001337a 4500
008
171030b xxu||||| |||| 00| 0 eng d
020
_a
9780138596873
041
_a
eng
080
_2
10 ED
_a
336
100
_a
56
101
_a
FIN
245
_a
FUNDAMENTALS OF FINANCIAL MANAGEMENT
_c
HORNE.J.C
942
_2
udc
_c
BK
999
_c
36368
_d
36368